Outcomes based practical guide to thesis and capstone project writing in computing / Charlemagne G. Laviña [and five others]. (Record no. 21336)

000 -LEADER
fixed length control field 00666nam a22001697a 4500
020 ## - INTERNATIONAL STANDARD BOOK NUMBER
ISBN 9786214063420
082 ## - DEWEY DECIMAL CLASSIFICATION NUMBER
Classification number 001.42
Item number L411 2022
100 ## - MAIN ENTRY--AUTHOR NAME
Personal name Laviña, Charlemagne G., author.
245 ## - TITLE STATEMENT
Title Outcomes based practical guide to thesis and capstone project writing in computing / Charlemagne G. Laviña [and five others].
260 ## - PUBLICATION, DISTRIBUTION, ETC. (IMPRINT)
Place of publication Manila :
Name of publisher Mindshapers Co., Inc.,
Year of publication ©2022.
300 ## - PHYSICAL DESCRIPTION
Number of Pages viii, 255 pages :
Other physical details illustrations ; 26 cm
650 ## - SUBJECT ADDED ENTRY--TOPICAL TERM
Topical Term Dissertations, Academic -- Authorship.
650 ## - SUBJECT ADDED ENTRY--TOPICAL TERM
Topical Term Report writing -- Handbooks, manuals, etc.
650 ## - SUBJECT ADDED ENTRY--TOPICAL TERM
Topical Term Proposal writing in research.
650 ## - SUBJECT ADDED ENTRY--TOPICAL TERM
Topical Term Computer science -- Research -- Methodology.
942 ## - ADDED ENTRY ELEMENTS (KOHA)
Koha item type Books
Holdings
Source of acquisition Permanent Location Date acquired Koha item type Collection code Accession Number Lost status Shelving location Withdrawn status Current Location Full call number
SchooolCagayan State University - Carig Library2025-09-03BooksGeneral Works011162 General Collection Cagayan State University - Carig Library001.42 L411 2022
SchooolCagayan State University - Carig Library2025-09-03BooksGeneral Works011163 General Collection Cagayan State University - Carig Library001.42 L411 2022
SchooolCagayan State University - Carig Library2025-09-03BooksGeneral Works011164 General Collection Cagayan State University - Carig Library001.42 L411 2022

Cagayan State University University Library, Carig Campus
Tuguegarao City, Cagayan 3500 | www.csucarig.edu.ph

Powered by Koha